| Tag |
First Indicator |
Second Indicator |
Subfields |
| LEADER |
00000cam a2200000Mi 4500 |
| 001 |
in00005477613 |
| 006 |
m o d |
| 007 |
cr ||||||||||| |
| 008 |
191119s1803 enk o 000 f eng d |
| 005 |
20240917155312.5 |
| 035 |
|
|
|a (OCoLC)on1143464341
|
| 040 |
|
|
|a UKAMD
|b eng
|e rda
|e pn
|c UKAMD
|d OCLCO
|d OCLCL
|
| 035 |
|
|
|a (OCoLC)1143464341
|
| 050 |
|
4 |
|a PR4161
|
| 082 |
0 |
4 |
|a 823.6
|2 23
|
| 049 |
|
|
|a TXAM
|
| 100 |
1 |
|
|a Bromley, Eliza Nugent,
|e author.
|
| 245 |
1 |
4 |
|a The cave of Cosenza :
|b a romance of the eighteenth century : in two volumes,
|f 1803 /
|c altered from the Italian by Eliza Nugent Bromley.
|
| 264 |
|
1 |
|a London :
|b G. and J. Robinson,
|c 1803.
|
| 300 |
|
|
|a 1 online resource (2 volumes (330, 349 pages)).
|
| 336 |
|
|
|a text
|b txt
|2 rdacontent
|
| 337 |
|
|
|a computer
|b c
|2 rdamedia
|
| 338 |
|
|
|a online resource
|b cr
|2 rdacarrier
|
| 490 |
1 |
|
|a AM Scholar: Literary Studies.
|
| 500 |
|
|
|a "Dedicated, by Permission, to His Royal Highness the Duke of York."
|
| 500 |
|
|
|a "Collection: Gothic Fiction: Rare Printed Works from the Sadleir-Black Collection of Gothic Fiction at the Alderman Library, University of Virginia"--Homepage.
|
| 500 |
|
|
|a "Original Microfilm Part: Part 3: Gothic Terror: Radcliffe and her Imitators - Boaden to Meeke"--Homepage.
|
| 500 |
|
|
|a "Original Microfilm Reel: 50"--Homepage.
|
| 500 |
|
|
|a "Other Notes: PZ 2 B 76 C."--Homepage.
|
| 535 |
1 |
|
|a Alderman Library, University of Virginia
|
| 542 |
|
|
|f Alderman Library, University of Virginia.
|
| 588 |
|
|
|a Description based on online resource; title from scanned document's title page (viewed on November 19, 2019).
|
| 655 |
|
7 |
|a Electronic books.
|2 local
|
| 655 |
|
0 |
|a Gothic fiction (Literary genre)
|
| 710 |
2 |
|
|a Adam Matthew Digital (Firm),
|e digitiser.
|
| 758 |
|
|
|i has work:
|a The cave of Cosenza (Work)
|1 https://id.oclc.org/worldcat/entity/E39PCXvGtKb4p7Vmm6BXxbkkpd
|4 https://id.oclc.org/worldcat/ontology/hasWork
|
| 830 |
|
0 |
|a AM Scholar: Literary Studies.
|
| 856 |
4 |
0 |
|u http://proxy.library.tamu.edu/login?url=https://www.amscholar.amdigital.co.uk/Documents/Details/GF_Part3_Reel50_Vol1
|z Connect to the full text of this electronic book
|t 0
|
| 955 |
|
|
|a Adam Matthew Scholar Literacy Studies
|
| 994 |
|
|
|a 92
|b TXA
|
| 999 |
f |
f |
|s 9792330c-9df8-4fb1-9985-450e225371f6
|i 8858b768-0f48-4f21-b2c4-4c20efbc9fd3
|t 0
|
| 952 |
f |
f |
|a Texas A&M University
|b College Station
|c Electronic Resources
|d Available Online
|t 0
|e PR4161
|h Library of Congress classification
|
| 998 |
f |
f |
|a PR4161
|t 0
|l Available Online
|